|
|
|
|
| LEADER |
00665nab a2200157 i 4500 |
| 001 |
delm135032 |
| 005 |
20191202124011.0 |
| 008 |
191202s2005 hu o 0|| hun d |
| 040 |
|
|
|a SZTE Délmagyarország Archívum
|b hun
|
| 041 |
|
|
|a hun
|
| 100 |
1 |
|
|a Bíró Dániel
|
| 245 |
1 |
2 |
|a A bokrosi vízlépcső egyelőre nincs napirenden
|h [elektronikus dokumentum] :
|b Csongrádon járt a vízügyi miniszter /
|c Bíró Dániel
|
| 260 |
|
|
|c 2005-08-02
|
| 300 |
|
|
|a 3
|
| 490 |
0 |
|
|a Délmagyarország
|v 95 No. 179
|
| 695 |
|
|
|a Persányi Miklós, Csongrád (város), Eseménynaptár Csongrád-Bokros 2005. 08., Árvízvédelem gátfelújítás Bokros-Kanászéri-zsilip, Politikus látogatása
|